Portland Timbers current squad - Statistics

General Stats
  • This quiz has been taken 12 times
  • The average score is 16 of 27
Answer Stats
Number Player % Correct
9 Felipe Mora
100%
5 Claudio Bravo
89%
13 Dario Zuparic
89%
21 Diego Chara
89%
30 Santiago Moreno
89%
23 Yimmi Chara
89%
31 Aljaz Ivacic
78%
19 Eryk Williamson
78%
33 Larrys Mabiala
78%
10 Sebastian Blanco
78%
18 Zac McGraw
78%
22 Cristhian Paredes
67%
27 Dairon Asprilla
67%
11 Jaroslaw Niezgoda
67%
24 David Ayala
56%
26 Hunter Sulte
56%
2 Josecarlos van Rankin
56%
44 Marvin Loria
56%
25 Bill Tuiloma
44%
1 David Bingham
44%
98 Blake Bodily
33%
14 Justin Rasmussen
33%
8 Diego Gutierrez
22%
20 George Fochive
22%
28 Pablo Bonilla
22%
41 Justin vom Steeg
11%
17 Tega Ikoba
11%
No matching quizzes found
Score Distribution
Percent of People with Each Score
Percentile by Number Answered
Your Score History
You have not taken this quiz